| 000 | 02273nam0a2200373 4500 | ||
|---|---|---|---|
| 001 | RU\NLR\BIBL_A\012644183 | ||
| 005 | 20220111164056.0 | ||
| 010 |
_a978-5-16-016176-1 _bprint _9500 |
||
| 021 |
_aRU _bКН-П-21-047725 _9КН-П-21-3757 |
||
| 035 | _a(NLR Aleph) 012644183 | ||
| 090 |
_a12705655 _c12705655 |
||
| 100 | _a20211117d2021 u y0rusy50 ca | ||
| 101 | 0 | _arus | |
| 102 | _aRU | ||
| 105 | _ay|||j|||000zy | ||
| 181 | 0 |
_ai _baxxe |
|
| 182 | 0 | _an | |
| 200 | 1 |
_aОсновы психологической коррекции детей и подростков _eучебное пособие _eдля студентов высших учебных заведений, обучающихся по направлению подготовки 44.03.02 "Психолого-педагогическое образование" (квалификация (степень) "бакалавр") _fС.Н. Савинков, Е.О. Барышева, В.А. Золотова [и др.] _gпод общей редакцией С.Н. Савинкова |
|
| 203 |
_aТекст _bвизуальный _cнепосредственный |
||
| 210 |
_aМосква _cИНФРА-М _d2021 |
||
| 215 |
_a215, [2] с. _d22 |
||
| 225 | 1 | _aВысшее образование - Бакалавриат | |
| 225 | 1 | _aБакалавриат | |
| 300 | _aНа с. 3 авт.: С.Н. Савинков, магистр психологии, преп., Е.О. Барышева, магистр психологии, психолог, В.А. Золотова, гештальт-терапевт, психолог [и др.] | ||
| 320 | _aБиблиогр.: с. 157-162 (107 назв.) | ||
| 606 | 1 |
_aДети _jУчебные издания для высших учебных заведений _xПсихическое развитие _xКоррекция _92083951 _3RU\NLR\AUTH\661260025 |
|
| 686 | 1 | _aЮ983.5я73 | |
| 701 | 1 |
_aСавинков _bС. Н. _gСтанислав Николаевич |
|
| 701 | 1 |
_aБарышева _bЕ. О. _gЕкатерина Олеговна |
|
| 701 | 1 |
_aЗолотова _bВ. А. _gВероника Александровна |
|
| 942 | _cBOOK | ||
| 980 | _aNB | ||